00502nam a2200169Ia 4500100001900000650001500019942000700034366000700041654001600048245004200064260004000106082001700146300000800163546001200171999001700183952013200200 aDr.A.Alphonse  aPhilosophy cBK f25 aadolescent  aDeveloping the Adolescent Personality bBetter Yourself BooksaBandrac2001 a170/ALPbALP a115 aENGLISH c20324d20324 001040708CRCaCRCEbCRCEd2023-03-17eBetter Yourself Booksg20.00l0o170/ALP ALPp17752r2023-03-17v45.00w0000-00-00yBK